000 00342nam a22001337a 4500
003 SGT
020 _a9789390700820
082 _a891.4309
_bA21K
100 _aकोठारी, गुलाब
245 _aअंतस
260 _bइंदिरा पब्लिशिंग हाउस
_c2021
300 _a280
942 _2ddc
_cBK
999 _c31094
_d31094